000 00361nam a2200157Ia 4500
008 230711s9999||||xx |||||||||||||| ||und||
041 _aENG
082 _a4
_bKO-W
100 _aKotecha,Harshed
245 0 _aWindow XP in easy steps
250 _a1st
260 _c2003
_aNew Delhi
_bDream Tech
300 _a92
650 _aComputer Engineering
942 _cBK
999 _c4859
_d4859